000 00567nam a2200193Ia 4500
999 _c34249
_d34249
003 OSt
005 20200908095832.0
008 190216s9999||||xx |||||||||||||| ||und||
020 _a9788181477897
040 _coclc
082 _a537.6
_bBER/Q
100 _aBerestetskii, V B
_94475
245 0 _aQuantum Electrodynamics /
_cV B Berestetskii ; E M Lifshitz ; L P Pitaevskii
250 _a2nd Ed.
260 _bButter Worth & Co,
_c2010.
_aNew Delhi:
300 _a652p
650 _aPhysics
942 _cBK
_2ddc
_h537.6
_iBER/Q
_k537.6
_mBER/Q